000 00321nam a22001457a 4500
020 _a978-81-8275-008-1
082 _a823
_bMYK/E
100 _aMY KIDS WORLD
245 _aTHE EMPEROR'S NIGHTINGALE
260 _aNEW DELHI
_bMY KIDS WORLD
300 _a16
520 _aFAIRY TALES
650 _aFAIRY TALES
942 _cBK
999 _c5628
_d5628